ARRUPE JESUIT UNIVERSITY

CORONAVIRUS -STOP THE SPREAD - CLEAN,DISINFECT,COVER

A Most pleasant mission (Record no. 124738)

MARC details
000 -LEADER
fixed length control field 00395nam a22001337a 4500
008 - FIXED-LENGTH DATA ELEMENTS--GENERAL INFORMATION
fixed length control field 160428b xxu||||| |||| 00| 0 eng d
050 ## - LIBRARY OF CONGRESS CALL NUMBER
Classification number BX3701.92 1983 M6
100 ## - MAIN ENTRY--PERSONAL NAME
Personal name Kolvenbach, Peter-Hans
9 (RLIN) 24179
245 ## - TITLE STATEMENT
Title A Most pleasant mission
Statement of responsibility, etc / Peter-Hans Kolvenbach S.J.
260 ## - PUBLICATION, DISTRIBUTION, ETC. (IMPRINT)
Place of publication, distribution, etc s.l
Name of publisher, distributor, etc Paray-le-Monial
Date of publication, distribution, etc 1988
300 ## - PHYSICAL DESCRIPTION
Extent 121p.;
Dimensions 21cm.
650 ## - SUBJECT ADDED ENTRY--TOPICAL TERM
Topical term or geographic name as entry element Jesuits
9 (RLIN) 24180
General subdivision Religious life
942 ## - ADDED ENTRY ELEMENTS (KOHA)
Source of classification or shelving scheme Library of Congress Classification
Item type Monograph ( Printed materials)
Holdings
Withdrawn status Lost status Source of classification or shelving scheme Damaged status Not for loan Collection code Home library Current library Shelving location Date acquired Total Checkouts Full call number Barcode Date last seen Price effective from Koha item type
    Library of Congress Classification     Main Collection ARRUPE LIBRARY ARRUPE LIBRARY Main Collection 28/04/2016   BX3701.92 1983 M6 46500006452 22/11/2017 28/04/2016 Monograph ( Printed materials)
    Library of Congress Classification     Main Collection ARRUPE LIBRARY ARRUPE LIBRARY Main Collection 31/10/2018   BX3701.92 1983 M6 46600003055 31/10/2018 31/10/2018 Monograph ( Printed materials)

 

Arrupe Library. PO Box MP320 Mt Pleasant, Harare, Zimbabwe
263 242 745411|librarian@aju.ac.zw